000 00891cam a2200241 4500
008 020314n2003 000 0 eng u
020 _a1842191225
035 _a(Sirsi) u120908
041 _aeng.
050 _a711.7
110 _aRoyal Institution of Chartered Surveyors
_bLondon Region
_94175
245 _aTransport Development Areas: the London dimension
260 _aLondon
_bRICS
_c2003
300 _a46p.
_c30cm.
520 _aThis guide to applying the Transport Development Areas (TDA) approach in London serves as a valuable supplement to "Transport development areas: a guide to good practice" (ISBN 1842190911).
650 _aHIGH DENSITY DEVELOPMENT
650 _aTRANSPORT DEVELOPMENT AREAS
650 _aTRANSPORT NODES
650 _aURBAN DEVELOPMENT
690 _aDEVELOPMENT
710 _aRoyal Institution of Chartered Surveyors
_94900
942 _n0
_2ddc
999 _c102571
_d102571